Derecho internacional para oficiales en el mar

সংরক্ষণ করুন:
গ্রন্থ-পঞ্জীর বিবরন
প্রধান লেখক: Brittin, Burdick H (Author)
বিন্যাস: গ্রন্থ
ভাষা:স্প্যানিশ
প্রকাশিত: Buenos Aires Centro Naval. Instituto de Publicaciones Navales 1990
মালা:Ciencia y Técnica, 19
বিষয়গুলি:
ট্যাগগুলো: ট্যাগ যুক্ত করুন
কোনো ট্যাগ নেই, প্রথমজন হিসাবে ট্যাগ করুন!

MARC

LEADER 00000nam a2200000 a 4500
001 UCV1494
003 CL-VaPUC
008 900731e19900000AG |||||||||||||||||spa|d
082 0 4 |a 341.45  |b BRI  |2 21 
100 0 |a Brittin, Burdick H  |e author  |9 295774 
245 1 0 |a Derecho internacional para oficiales en el mar 
300 |a 624 p 
942 |c BK 
945 |d 19900731 00:00:00 
260 |a Buenos Aires  |b Centro Naval. Instituto de Publicaciones Navales  |c 1990 
650 0 |a Aguas jurisdiccionales  |9 295070 
650 0 |a Derecho internacional  |9 255637 
650 0 |a Derecho marítimo  |9 255301 
650 0 |a Guerra  |9 255876 
650 0 |a Luna  |9 256546 
650 0 |a Derecho y legislación   |9 255077 
650 0 |a Seguridad internacional  |9 256547 
650 7 |a TRATADOS  |2 CL-VaPUC  |9 295776 
583 |a last modification  |c 19900731 00:00:00  |k Rodrigo Vera 
490 0 |a Ciencia y Técnica, 19 
999 |c 209447  |d 209445 
952 |0 0  |1 0  |4 0  |6 341_450000000000000_BRI_1990  |7 0  |8 A  |9 184849  |a BIBDER  |b BIBDER  |d 2019-11-14  |i 2521601  |o 341.45 BRI 1990  |p 2521601  |r 2023-01-25  |w 2019-11-14  |y BK  |k DER